Introducción a las ciencias de la educación

Sparad:
Bibliografiska uppgifter
Huvudupphovsman: Woods, Ronald G (Författare, medförfattare)
Materialtyp: Bok
Språk:spanska
Publicerad: Madrid Anaya 1979
Serie:Ciencias de la Educación
Ämnen:
Taggar: Lägg till en tagg
Inga taggar, Lägg till första taggen!

MARC

LEADER 00000nam a2200000 a 4500
001 UCU0476
003 CL-VaPUC
008 960322e19790000SP |||||||||||||||||spa|d
082 0 4 |a 370.1  |b WOO  |2 21 
100 0 |a Woods, Ronald G  |e author  |9 355643 
245 1 0 |a Introducción a las ciencias de la educación 
300 |a 110 p 
942 |c BK 
945 |d 19960322 00:00:00  |a lriquelm 
260 |a Madrid  |b Anaya  |c 1979 
650 0 |a Filosofía de la educación   |9 258384 
650 0 |a Historia de la educación   |9 257642 
650 0 |a Psicología educacional   |9 307830 
650 0 |a Sociología de la educación   |9 260380 
583 |a last modification  |c 20170925 04:43:02  |k Rodrigo Vera 
490 0 |a Ciencias de la Educación 
999 |c 245327  |d 245325 
952 |0 0  |1 0  |4 0  |6 370_100000000000000_WOO_1979  |7 0  |8 A  |9 259799  |a BIBEDU  |b BIBEDU  |d 2019-11-19  |i 1636758  |o 370.1 WOO 1979  |p 1636758  |r 2019-11-19  |w 2019-11-19  |y BK  |k EDU